000 00562nam a22001937a 4500
003 OSt
005 20250612164602.0
008 250612b |||||||| |||| 00| 0 eng d
020 _a9789388527798
040 _aKABU
_cKABU
050 _aQD151
_b.K37 2019
100 _aKar, Ashutosh
245 _aAdvanced inorganic chemistry :
_bfor BSc (Hons), Msc and Research Scholars Vol. II /
_cAshutosh Kar
260 _aNew Delhi, India:
_bCBS Publishers,
_c2019
300 _axvi, 584p.
500 _aIncludes index
650 _aInorganic chemistry
942 _2lcc
_cBK
999 _c20728
_d20727